000 01712cam a22003734a 4500
999 _c46631
_d46631
001 233543757
003 CO-MdFUSB
005 20171117093817.0
008 081024t2009 xxub b 001 0 eng
020 _a9780800663377 (alk. paper)
020 _a0800663373 (alk. paper)
040 _aDLC
_cCO-MdBIC
_dBTCTA
_dCO-MdFUSB
_bspa
_erda
041 _aeng
082 _224
_aG 225.92
_bZ61a
100 1 _aZetterholm, Magnus,
_dautor
245 1 0 _aApproaches to Paul
_b:a student's guide to recent scholarship
_c/Magnus Zetterholm
264 4 _cMinneapolis :
_aFortress Press,
_b©2009
300 _axv, 270 páginas :
_bmap ;
_c23 cm.
336 _atexto
_btxt
_2rdacontent.
337 _asin mediación
_bn
_2rdamedia.
338 _avolumen
_bnc
_2rdacarrier.
504 _aIncludes bibliographical references (pages 249-259) and indexes.
505 0 _aPaul and history -- The emergence of a paradigm -- The formation of the standard view of Paul -- Toward a new perspective on Paul -- Beyond the new perspective -- In defense of Protestantism -- Breaking boundaries -- Conclusion : history and Paul.
505 0 _aContenido traducido: Pablo y la historia - El surgimiento de un paradigma - La formación de la visión estándar de Pablo - Hacia una nueva perspectiva sobre Pablo - Más allá de la nueva perspectiva - En defensa del protestantismo - Rompiendo límites.
650 0 _aJudaism (Christian theology)
_xHistory of doctrines.
650 0 _aJews in the New Testament.
653 _aJudaísmo
653 _aJudaísmo en el Nuevo Testamento
653 _aHistoria de las doctrinas
942 _cBK